Slzotvorca - Kvety amarantu 2. diel
Saved in:
| Main Author | |
|---|---|
| Format | Electronic eBook |
| Language | Czech |
| Published |
Cosmopolis SK
2024
|
| Edition | 1. elektronické vydání |
| Subjects | |
| Online Access | Dostupné v BOOKPORT po přihlášení pomocí eduID |
| ISBN | 978-80-8090-950-5 978-80-8090-951-2 978-80-8090-949-9 |
| Physical Description | 1 online zdroj (320 stran) |
Cover
| LEADER | 00000nam a2200000 i 4500 | ||
|---|---|---|---|
| 001 | bkp100273 | ||
| 003 | CZ-prgp | ||
| 005 | 20241108113904.0 | ||
| 006 | m o d | ||
| 007 | cr cn | ||
| 008 | 241108s2024 xr o 000 1 cze | ||
| 020 | |a 978-80-8090-950-5 |c 15 Kč |q (online ; pdf) | ||
| 020 | |a 978-80-8090-951-2 |c 15 Kč |q (online ; epub) | ||
| 020 | |a 978-80-8090-949-9 |c 512 Kč |q (print) | ||
| 040 | |a Grada |b cze |e rda | ||
| 100 | 1 | |a Doom, Erin | |
| 245 | 1 | 0 | |a Slzotvorca - Kvety amarantu |b 2. diel |c Erin Doom |
| 250 | |a 1. elektronické vydání | ||
| 264 | 1 | |b Cosmopolis SK |c 2024 | |
| 300 | |a 1 online zdroj (320 stran) | ||
| 336 | |a text |b txt |2 rdacontent | ||
| 337 | |a počítač |b c |2 rdamedia | ||
| 338 | |a online zdroj |b cr |2 rdacarrier | ||
| 520 | 3 | |a Nika a Rigel sa ocitli v starostlivosti manželov Milliganovcov. V blízkosti, akú ani jeden z nich doteraz nezažil. V bezpečí. Doma. Dokážu však navigovať rozbúrené vody vlastných citov a nenaraziť na traumy, ktoré si odniesli z detského domova? | |
| 650 | 0 | 4 | |a Romantika, romány pro ženy |
| 650 | 0 | 4 | |a Young Adult, New Adult |
| 856 | 4 | 0 | |u https://www.bookport.cz/AccountSaml/SignIn/?idp=https://shibboleth.utb.cz/idp/shibboleth&returnUrl=/kniha/slzotvorca-kvety-amarantu-14181/ |y Dostupné v BOOKPORT po přihlášení pomocí eduID |